LEADER 01176cam0-2200385---450- 001 990008522770403321 005 20090701152943.0 010 $a3-484-31121-5 035 $a000852277 035 $aFED01000852277 035 $a(Aleph)000852277FED01 035 $a000852277 100 $a20070605d2004----km-y0itay50------ba 101 0 $ager 102 $aDE 105 $ay---a---001yy 200 1 $aStudienbuch Linguistik$fAngelika Linke, Markus Nussbaumer, Paul R. Portmann$cErgänzt um ein Kapitel Phonetik/Phonologie$fvon Urs Willi$gmit Ergänzungen von Simone Berchtold ... [et al.] 205 $a5. erw. Aufl. 210 $aTübingen$cNiemeyer$d2004 215 $a544 p.$d22 cm 225 1 $aReihe Germanistische Linguistik$v121 610 0 $aLinguistica 676 $a410 700 1$aLinke,$bAngelika$0176519 701 1$aNussbaumer,$bMarkus$0301561 701 1$aPortmann,$bPaul R.$0301562 702 1$aWilli,$bUrs 702 1$aBerchtold,$bSimone 801 0$aIT$bUNINA$gRICA$2UNIMARC 901 $aBK 912 $a990008522770403321 952 $a410 LIN 1$fFLFBC 959 $aFLFBC 996 $aStudienbuch Linguistik$9733131 997 $aUNINA LEADER 00835nam0-2200289 --450 001 9910553700403321 005 20220525145849.0 010 $a9780128200933$bHardback 100 $a20220406d2021----km y0itay50 ba 101 0 $aeng 102 $aUS 105 $aa 001yy 200 1 $aVertebrate endocrinology$fDavid O. Norris, James A. Carr 205 $a6th ed. 210 $aSan Diego$cAcademic press-Elsevier$dc2021 215 $aXVII, 632 p.$d27 cm. 610 0 $aVertebrati - endocrinologia 676 $a573.4$v22$zita 700 1$aNorris,$bDavid O.$0307128 701 1$aCarr,$bJames A.$0766041 801 0$aIT$bUNINA$gREICAT$2UNIMARC 901 $aBK 912 $a9910553700403321 952 $a573.4-NOR-1$bINV. INT. 2022/041$fSC1 959 $aSC1 996 $aVertebrate endocrinology$91558089 997 $aUNINA LEADER 01154nam2 22003133i 450 001 MIL0594621 005 20231121125550.0 010 $a3525259506 100 $a20160623d2002 ||||0itac50 ba 101 | $agrc$ager 102 $ade 181 1$6z01$ai $bxxxe 182 1$6z01$an 200 1 $a˜1: œProlegomena, Buch 1.-4.$eText und Übersetzung 210 $aGöttingen$cVandenhoeck & Ruprecht$d2002 215 $aXXVI, 563 p.$d25 cm 461 1$1001MIL0594269$12001 $aStrabons Geographika$emit Übersetzung und Kommentar$fherausgegeben von Stefan Radt$v1 700 0$aStrabo$3CFIV081436$4070$0169725 790 0$aStrabon$3CFIV081437$zStrabo 790 0$aStrabone$3CFIV081438$zStrabo 790 0$aStrabone : da Amasea$3CFIV236449$zStrabo 801 3$aIT$bIT-01$c20160623 850 $aIT-FR0017 899 $aBiblioteca umanistica Giorgio Aprea$bFR0017 $eN 912 $aMIL0594621 950 2$aBiblioteca umanistica Giorgio Aprea$d 52S.SIJ. LG1 Stra.Rad. 1$e 52FLS0000277095 VMB RS $fA $h20180720$i20180720 977 $a 52 996 $aProlegomena, Buch 1.-4$93610843 997 $aUNICAS